[Event "72nd RUS-ch Higher League 2019"]
[Site "Yaroslavl"]
[Date "2019.06.28"]
[Round "2.8"]
[White "Paravyan, David"]
[Black "Bigaliev, Renat"]
[Result "1-0"]
[WhiteElo "2605"]
[BlackElo "2427"]
[Annotator "TA"]
[PlyCount "155"]
[EventDate "2019.06.27"]
[EventType "swiss"]
[EventCountry "RUS"]
[SourceTitle "playchess.com"]
[Source "ChessBase"]
[SourceQuality "1"]

{[%evp 15,155,26,35,29,18,29,33,31,40,21,25,13,42,25,15,17,23,17,25,23,56,49,64,32,56,30,36,36,78,58,58,57,58,58,50,55,60,50,68,67,77,66,67,66,74,76,76,76,62,26,26,28,28,33,32,27,55,31,27,31,31,29,41,39,37,17,43,37,60,28,35,22,37,37,37,16,16,16,16,16,18,18,17,17,37,16,16,16,19,9,14,8,8,7,6,6,6,0,5,6,8,8,8,14,47,50,128,113,165,157,185,166,153,120,162,117,112,106,109,122,157,157,293,282,278,290,480,533,1222,1189,1112,1054,1491,1481,1427,1456,1388,1374,1290,1256,1048,920]} 1. e4 e5 2. Nf3 Nf6 3. Nxe5 d6 4. Nf3 Nxe4 5. Nc3 Nxc3 6. dxc3 Be7 7. Be3 Nc6 8. Qd2 Be6 9. O-O-O {C42: Petroff Defence: 3 Nxe5 and unusual White 3rd moves} Qd7 ({Wrong is} 9... Bxa2 $2 10. b3 $18) 10. Be2 (10. h3 Bf6 11. g4 h6 12. Bg2 O-O-O 13. b3 g5 14. Nd4 Nxd4 15. cxd4 d5 16. f4 gxf4 17. Bxf4 {½-½ (39) Cheparinov,I (2679)-Wang,Y (2684) China 2019}) 10... h6 11. Rhe1 $146 {White is slightly better.} ({Predecessor:} 11. h3 O-O-O 12. Bb5 a6 13. Ba4 b5 14. Bb3 Bxb3 15. cxb3 Qf5 16. Nd4 Nxd4 17. Qxd4 {1-0 (46) Ceschia,I (2319)-Basso,P (2163) Mantova 2012}) 11... a6 12. h3 O-O-O ({But not} 12... Bxa2 $2 13. b3 $18) 13. Kb1 Rhg8 14. a3 Bf6 15. Nd4 Nxd4 16. Bxd4 Bxd4 17. Qxd4 c5 18. Qe3 Qc7 19. c4 Kb8 20. Qe4 Rge8 21. Bf3 Re7 22. Qf4 (22. b3 {seems wilder.} f6 23. Kb2 f5 24. Qe2 Ree8 25. Qd2) 22... Bc8 23. Qd2 Rxe1 24. Rxe1 Be6 25. Qc3 Rg8 26. a4 Qd7 27. b3 g5 28. Rd1 Qe7 29. Qd3 Rd8 30. Qh7 Qf6 {[#] Hoping for ...Bf5.} 31. Qe4 {[%csl Gf3][%cal Re4b7]} Bc8 32. Re1 (32. Rd3 {is more complex.} Qe6 33. Qe3 Kc7 34. Qd2 Re8 35. Re3) 32... Qe6 33. Re3 Qxe4 34. Rxe4 $11 {[%mdl 4096] Endgame KRB-KRB} Be6 35. Re3 Re8 36. Bh5 Rf8 37. a5 Kc7 38. Kb2 Kd7 39. Kc3 Rb8 40. Re1 Ke7 41. Bf3 Kd7 42. Rh1 Kc7 43. g3 Rd8 44. h4 g4 45. Bg2 d5 46. Rd1 {[%cal Rc4d5]} d4+ 47. Kd2 b6 48. axb6+ Kxb6 49. Re1 Rg8 50. Be4 Kc7 51. Bd3 Kd6 52. Ra1 Bc8 53. c3 dxc3+ $1 54. Kxc3 Re8 55. Rd1 Kc7 56. Ra1 Re5 57. b4 cxb4+ 58. Kxb4 Kb6 59. Kc3 f6 60. Kd4 Bb7 {[#]} (60... Kc7 $14) 61. c5+ $1 $16 Ka7 (61... Kc7 $16) 62. Rb1 $18 Re6 63. Rb4 Bf3 64. Ra4 Kb7 65. Bc4 Re4+ 66. Kc3 {Strongly threatening Bd5+.} Kc7 67. Ra5 Be2 68. Bxa6 f5 (68... Re5 $16) 69. Kd2 Bxa6 70. Rxa6 {KR-KR} f4 $2 (70... h5 71. Rh6 Re5 72. Rxh5 Rxc5) 71. Rxh6 {White is clearly winning.} f3 72. Rg6 Re2+ 73. Kd3 Rxf2 74. Rxg4 Rg2 75. Ke3 f2 76. Ke2 Kc6 77. Kf1 Rh2 78. Rf4 {Accuracy: White = 63%, Black = 46%.} 1-0

[Event "72nd RUS-ch Higher League 2019"]
[Site "Yaroslavl"]
[Date "2019.06.28"]
[Round "2.9"]
[White "Sjugirov, Sanan"]
[Black "Rychkov, Oleg"]
[Result "1-0"]
[WhiteElo "2667"]
[BlackElo "2409"]
[Annotator "TA"]
[PlyCount "51"]
[EventDate "2019.06.27"]
[EventType "swiss"]
[EventCountry "RUS"]
[SourceTitle "playchess.com"]
[Source "ChessBase"]
[SourceQuality "1"]

{[%evp 9,107,0,4,0,27,34,31,39,23,0,8,0,3,12,0,-9,12,20,13,0,0,0,0,0,0,-5,13,4,85,89,91,77,81,66,148,152,163,147,204,197,293,299,285,285,297,278,287,0,274,0,267,243,269,268,266,268,262,262,262,240,231,243,353,347,357,357,474,474,474,474,474,474,474,468,510,474,474,473,473,473,466,405,416,407,697,679,694,686,494,0,589,483,1798,1706,2286,2361,5469,5057,2185,1816]} 1. Nf3 Nf6 2. c4 e6 3. g3 d5 4. Bg2 dxc4 5. O-O c6 6. a4 {A13: English Opening: 1...e6} Be7 7. Na3 O-O 8. Nxc4 {White is slightly better.} c5 $146 ({Predecessor:} 8... Nbd7 9. a5 Qc7 10. d4 Nd5 11. e4 Nb4 12. Bf4 Qd8 13. Qb3 {1-0 (27) Khismatullin,D (2617)-Ovod,E (2362) Sochi 2016}) 9. Nfe5 Nd5 10. Qb3 f6 11. Nf3 Nc6 12. Rd1 Ndb4 (12... e5 $5 {[%cal Re5e4]} 13. d3 (13. e4 Nc7 $15) 13... Be6 $15) 13. d4 $36 {[%mdl 2048] White is pushing.} cxd4 14. Be3 dxe3 15. Rxd8 exf2+ 16. Kxf2 Rxd8 17. Bh3 Kh8 18. Rd1 e5 (18... Bc5+ $11 19. Kg2 b6) 19. Rxd8+ $16 Nxd8 20. Bxc8 Rxc8 21. Kg2 Ndc6 (21... Na6 $14) 22. Ne3 $1 {[%mdl 1024] White has strong compensation.} g6 23. Qe6 Rd8 {[#]} (23... Rc7 $16 {was worth a try.}) 24. h4 $1 $18 Kg7 {[#]} (24... Rd6 $142 25. Qc4 Rd8) 25. h5 $1 {[%mdl 512]} Rd6 (25... gxh5 26. Nf5+) 26. Qc8 {Played: Qe6-g4} 1-0

[Event "72nd RUS-ch Higher League 2019"]
[Site "Yaroslavl"]
[Date "2019.06.28"]
[Round "2.10"]
[White "Drygalov, Andrey"]
[Black "Najer, Evgeniy"]
[Result "1/2-1/2"]
[WhiteElo "2494"]
[BlackElo "2678"]
[Annotator "RC"]
[PlyCount "108"]
[EventDate "2019.06.27"]
[EventType "swiss"]
[EventCountry "RUS"]
[SourceTitle "playchess.com"]
[Source "ChessBase"]
[SourceQuality "1"]
[TimeControl "40/5400+30:1800+30"]

1. e4 {[%emt 0:00:00]} c6 {[%emt 0:03:24]} 2. d4 {[%emt 0:00:00]} d5 {[%emt 0:00:07]} 3. exd5 {[%emt 0:00:02]} cxd5 {[%emt 0:00:05]} 4. Bd3 {[%emt 0:00:06]} Nc6 {[%emt 0:00:41]} 5. c3 {[%emt 0:00:04]} Nf6 {[%emt 0:00:07]} 6. Bf4 {[%emt 0:00:06]} Bg4 {[%emt 0:00:17]} 7. Qb3 {[%emt 0:00:07]} Qd7 {[%emt 0:00:09]} 8. Nd2 {[%emt 0:00:09]} e6 {[%emt 0:00:20]} 9. Ngf3 {[%emt 0:00:04]} Bd6 {[%emt 0:00:47]} 10. Bxd6 {[%emt 0:00:23]} Qxd6 {[%emt 0:00:06]} 11. O-O {[%emt 0:00:03]} O-O {[%emt 0:00:44]} 12. Rfe1 {[%emt 0:00:03]} Rab8 {[%emt 0:01:27]} 13. Ne5 {[%emt 0:00:16]} Bh5 {[%emt 0:09:10]} 14. Re3 {[%emt 0:00:06]} Qc7 {[%emt 0:06:39]} 15. a4 {[%emt 0:07:28]} Nxe5 {[%emt 0:01:52]} 16. Rxe5 {[%emt 0:00:20]} Bg6 {[%emt 0:05:15]} 17. Bxg6 {[%emt 0:02:46]} hxg6 {[%emt 0:00:04]} 18. Re2 {[%emt 0:06:05]} Rfd8 {[%emt 0:13:53]} 19. Nf3 {[%emt 0:07:31]} Rd6 {[%emt 0:01:06]} 20. Ne5 {[%emt 0:04:53]} Ra6 {[%emt 0:00:16]} 21. Ree1 {[%emt 0:08:46]} Ne4 {[%emt 0:02:53]} 22. Nd3 {[%emt 0:02:45]} Qd8 {[%emt 0:07:57]} 23. Qc2 {[%emt 0:01:25]} Qg5 {[%emt 0:06:43]} 24. f3 {[%emt 0:05:43]} Qd2 {[%emt 0:09:08]} 25. Re2 {[%emt 0:04:23]} Qxc2 {[%emt 0:00:59]} 26. Rxc2 {[%emt 0:00:05]} Nd6 {[%emt 0:02:07]} 27. Kf2 {[%emt 0:08:28]} g5 {[%emt 0:01:20]} 28. Nc5 {[%emt 0:15:34]} Rc6 {[%emt 0:00:11]} 29. Nd3 {[%emt 0:00:43]} f6 {[%emt 0:15:27]} 30. Re2 {[%emt 0:03:02]} Kf7 {[%emt 0:00:07]} 31. Rae1 {[%emt 0:01:44]} Ne8 {[%emt 0:01:08]} 32. Nc5 {[%emt 0:03:01]} Nc7 {[%emt 0:00:35]} 33. a5 {[%emt 0:00:42]} b6 {[%emt 0:01:33]} 34. axb6 {[%emt 0:00:26]} axb6 {[%emt 0:00:05]} 35. Nd3 {[%emt 0:00:04]} Ra8 {[%emt 0:01:03]} 36. Rd1 {[%emt 0:02:46]} Rd6 {[%emt 0:01:01]} 37. Ree1 {[%emt 0:01:06]} Rdd8 {[%emt 0:00:25]} 38. Ra1 {[%emt 0:01:04]} Nb5 {[%emt 0:02:55]} 39. Nb4 {[%emt 0:01:11]} Nd6 {[%emt 0:00:36]} 40. Ke2 {[%emt 0:00:00]} Nc4 {[%emt 0:00:00]} 41. b3 {[%emt 0:04:51]} Nd6 {[%emt 0:05:59]} 42. Kd3 {[%emt 0:00:20]} Nf5 {[%emt 0:04:27]} 43. Rad1 {[%emt 0:04:21]} Rh8 {[%emt 0:00:51]} 44. h3 {[%emt 0:00:56]} Nh4 {[%emt 0:05:43]} 45. Rd2 {[%emt 0:00:49]} Ng6 {[%emt 0:00:19]} 46. Kc2 {[%emt 0:00:05]} Nf4 {[%emt 0:02:17]} 47. Kb2 {[%emt 0:00:15]} Ra7 {[%emt 0:01:27]} 48. Nc6 {[%emt 0:01:20]} Rc7 {[%emt 0:00:52]} 49. Nb4 {[%emt 0:00:03]} Rhc8 {[%emt 0:00:24]} 50. Rc2 {[%emt 0:01:43]} Ra8 {[%emt 0:01:55]} 51. Rh1 {[%emt 0:01:48]} Rca7 {[%emt 0:01:15]} 52. Rd2 {[%emt 0:01:01]} Rc8 {[%emt 0:02:43]} 53. Re1 {[%emt 0:01:27]} Rac7 {[%emt 0:00:50]} 54. Rc2 {[%emt 0:00:15]} Ra7 {[%emt 0:04:19]} 1/2-1/2

[Event "72nd RUS-ch Higher League 2019"]
[Site "Yaroslavl"]
[Date "2019.06.28"]
[Round "2.11"]
[White "Motylev, Alexander"]
[Black "Frolyanov, Dmitry"]
[Result "1/2-1/2"]
[WhiteElo "2654"]
[BlackElo "2538"]
[Annotator "TA"]
[PlyCount "93"]
[EventDate "2019.06.27"]
[EventType "swiss"]
[EventCountry "RUS"]
[SourceTitle "playchess.com"]
[Source "ChessBase"]
[SourceQuality "1"]

{[%evp 9,93,0,2,0,0,0,0,0,0,0,26,36,38,37,33,31,31,27,24,19,40,38,54,72,80,77,75,64,74,81,83,57,69,67,66,73,103,104,111,53,50,45,51,41,61,38,38,45,48,8,20,8,13,11,18,18,9,8,8,17,24,27,24,8,8,8,8,8,8,8,8,8,8,0,0,0,0,0,0,0,0,0,0,0,0,0]} 1. e4 c5 2. Nc3 Nc6 3. Bb5 Nd4 4. Bc4 e6 5. Nge2 a6 (5... Ne7 6. Nxd4 cxd4 7. Ne2 Nc6 8. O-O a6 9. d3 d5 10. exd5 exd5 11. Bb3 Bd6 12. Nf4 Bxf4 13. Bxf4 O-O 14. Qf3 Be6 15. Rfe1 {1-0 (58) Cornette,M (2611)-Lenic,L (2662) chess.com INT 2018}) 6. a4 {B23: Closed Sicilian: Lines without g3} Nf6 7. O-O d5 8. exd5 exd5 9. Ba2 Be7 10. Nxd4 cxd4 11. Ne2 d3 $146 ({Predecessor:} 11... Bc5 12. b4 Bxb4 13. Nxd4 O-O {1-0 (23) Marholev,D (2366)-Fantinel,T (1908) Condom 2008}) 12. cxd3 O-O 13. d4 Re8 14. d3 Qb6 15. Qb3 Qxb3 16. Bxb3 Bf5 17. Rd1 Bd8 18. Kf1 Bg4 19. f3 Bd7 20. Bf4 Bc6 21. a5 Nh5 {And now ...Rxe2! would win.} 22. Be5 f6 23. Bd6 Re6 {[#]} 24. Bc5 (24. Bb4 $1 $16) 24... Bc7 $14 25. g3 g5 26. Nc3 Rd8 27. Re1 Rxe1+ $1 28. Kxe1 Kf7 29. Bb6 Bxb6 30. axb6 Ng7 31. Ra5 {[%cal Rc3d5]} Ne6 32. Bxd5 Bxd5 33. Rxd5 Rxd5 34. Nxd5 Nxd4 $11 {[%mdl 4096] Endgame KN-KN} 35. Kf2 Ke6 36. Nc3 f5 $1 {The position is equal.} 37. g4 h6 38. Ne2 Nb3 39. gxf5+ Kxf5 40. Ke3 Nc5 $1 41. Ng3+ Ke6 42. Ne4 Na4 43. Kd4 Nxb6 44. Nc5+ Kf5 45. Nxb7 Kf4 46. Nd6 Kxf3 47. Nf7 {Accuracy: White = 78%, Black = 85%.} 1/2-1/2

[Event "72nd RUS-ch Higher League 2019"]
[Site "Yaroslavl"]
[Date "2019.06.28"]
[Round "2.12"]
[White "Lomasov, Semyon"]
[Black "Alekseev, Evgeny"]
[Result "1/2-1/2"]
[WhiteElo "2542"]
[BlackElo "2645"]
[Annotator "TA"]
[PlyCount "51"]
[EventDate "2019.06.27"]
[EventType "swiss"]
[EventCountry "RUS"]
[SourceTitle "playchess.com"]
[Source "ChessBase"]
[SourceQuality "1"]

{[%evp 16,51,29,11,14,-15,-7,-38,-41,-72,-67,-102,-92,-109,-122,-135,-144,-158,-132,-137,-139,-143,-75,-61,-64,-68,-4,-37,-26,-26,-30,-50,0,0,0,-57,0,0]} 1. c4 c5 2. Nf3 Nc6 3. Nc3 Nf6 4. g3 d6 5. Bg2 g6 6. d4 cxd4 7. Nxd4 Bd7 8. Nc2 Bg7 9. O-O h5 {A31: Symmetrical English: 2 Nf3 Nf6 3 d4} 10. Bg5 (10. h4 Qc8 11. b3 Bh3 12. Bb2 O-O 13. Ne3 Bxg2 14. Kxg2 Re8 15. Qd2 Ne5 16. Rac1 b6 17. Ncd5 {0-1 (51) Meier,G (2639)-Le,Q (2715) chess.com INT 2018}) 10... Nh7 11. Be3 h4 {Black is slightly better.} 12. gxh4 $146 ({Predecessor:} 12. Qd2 Nf6 13. Rfd1 hxg3 14. hxg3 Qc8 15. Qe1 Bh3 16. Qf1 Bxg2 17. Qxg2 {0-1 (31) Kleiman,J (2362)-Panjwani,R (2450) Saint Louis 2013}) 12... Nf8 13. Ne4 Ne6 14. f4 {[#]} Qa5 $1 (14... Rxh4 15. Qe1 $11) 15. b4 Qh5 ({But not} 15... Nxb4 $6 16. Bd2 $11) 16. Rb1 Qxh4 ({Don't take} 16... f5 17. Nd2 $17) 17. h3 f5 18. Nd2 {[#]} Bf6 (18... Qh6 $142 $1 19. Rb3 g5 20. fxg5 Nxg5) 19. Nf3 $17 Qg3 20. Qe1 $1 {[%cal Re1g3]} Rxh3 (20... Qxe1 $15 21. Rfxe1 Rc8) 21. Bf2 Qg4 22. Ne3 Qh5 23. Nd5 $1 Qg4 {And now ...0-0-0 would win.} 24. Ne3 Qh5 25. Nd5 $1 Qg4 (25... g5 $15 26. fxg5 Bxg5) 26. Ne3 {Accuracy: White = 57%, Black = 69%.} 1/2-1/2

[Event "72nd RUS-ch Higher League 2019"]
[Site "Yaroslavl"]
[Date "2019.06.28"]
[Round "2.13"]
[White "Zvjaginsev, Vadim"]
[Black "Khanin, Semen"]
[Result "1-0"]
[WhiteElo "2644"]
[BlackElo "2529"]
[Annotator "TA"]
[PlyCount "91"]
[EventDate "2019.06.27"]
[EventType "swiss"]
[EventCountry "RUS"]
[SourceTitle "playchess.com"]
[Source "ChessBase"]
[SourceQuality "1"]

{[%evp 10,91,6,6,17,25,30,37,35,31,41,21,37,37,37,27,41,39,45,42,46,46,46,43,131,132,131,131,129,120,116,132,132,131,190,164,191,51,62,0,189,199,188,185,166,136,225,218,227,221,228,217,230,222,229,220,204,212,277,256,258,257,254,250,295,282,510,498,520,541,633,610,655,651,639,639,630,604,536,514,489,461,836,808]} 1. b3 e5 2. Bb2 Nc6 3. Nf3 e4 4. Nd4 Nf6 5. e3 Nxd4 6. Bxd4 d5 {A01: Nimzowitsch-Larsen Opening} (6... Be7 7. c4 O-O 8. Nc3 c6 9. Rc1 d5 10. cxd5 cxd5 11. Be2 Be6 12. O-O a6 13. f4 exf3 14. Bxf3 {1-0 (31) Jobava,B (2690)-Harikrishna,P (2744) Riadh 2017}) 7. c4 dxc4 8. Bxc4 Be7 {White is slightly better.} 9. Nc3 Bf5 10. O-O O-O 11. f3 c5 12. Be5 exf3 13. Qxf3 Bd3 $146 ({Predecessor:} 13... Be6 14. Bxe6 fxe6 15. Qe2 Qd7 16. Rad1 Qc6 17. Qf3 Qxf3 18. gxf3 Rad8 19. Bxf6 {½-½ (19) Bode,W (2349)-Schlemermeyer,W (2327) Germany 2006}) 14. Rf2 ({Much worse is} 14. Qxb7 Bxf1 15. Rxf1 Qxd2 $15) 14... Bxc4 15. bxc4 Qd7 {Black wants to play ...Ng4.} 16. Rb1 Ng4 (16... b6 $1 $14) 17. Rxb7 Qe6 18. Rxe7 Qxe7 19. Bxg7 $1 ({Stronger than} 19. Qxg4 Qxe5 20. Nd5 f5 $15) 19... Kxg7 20. Qxg4+ Kh8 21. Nd5 $40 {[%mdl 128] White has strong attack.} Qe6 {[#]} (21... f5 $16) 22. Qd1 $1 $18 {Threatens to win with Nc7.} Qg6 23. Ne7 (23. Qa1+ $18 Qg7 24. Rf6) 23... Qe6 24. Nd5 (24. Qa1+ $1 $14 f6 25. Nd5) 24... Qg6 $1 25. Qa1+ Qg7 26. Nf6 Rab8 27. Rf1 Rb6 (27... Rfc8 $16 28. Qe5 a5) 28. Nd7 {[%mdl 64] Double Attack} Qxa1 29. Rxa1 Rd8 30. Nxb6 axb6 {[%mdl 4096] Endgame [#] KR-KR} 31. Rd1 $1 Ra8 32. Kf2 Rxa2 33. Ke2 Rb2 34. Kd3 Kg7 35. Kc3 Ra2 36. Rb1 Ra3+ 37. Rb3 Ra1 $2 (37... Ra6 {was necessary.} 38. d4 f5) 38. Rxb6 {White is clearly winning.} Rc1+ 39. Kd3 Rg1 40. g3 Rg2 41. Rc6 Rxh2 42. Rxc5 Rg2 43. Rg5+ Kf6 44. Rg4 h5 45. Rf4+ Kg5 (45... Ke6 $142 46. Rh4 Rxg3 47. Rxh5 f5 48. Rh6+ Kf7) 46. c5 {Accuracy: White = 80%, Black = 43%.} 1-0

[Event "72nd RUS-ch Higher League 2019"]
[Site "Yaroslavl"]
[Date "2019.06.28"]
[Round "2.14"]
[White "Nesterov, Arseniy"]
[Black "Sarana, Alexey"]
[Result "0-1"]
[WhiteElo "2423"]
[BlackElo "2641"]
[Annotator "TA"]
[PlyCount "94"]
[EventDate "2019.06.27"]
[EventType "swiss"]
[EventCountry "RUS"]
[SourceTitle "playchess.com"]
[Source "ChessBase"]
[SourceQuality "1"]

{[%evp 9,94,16,41,37,33,33,52,48,41,46,54,54,50,9,41,37,43,0,0,4,0,0,0,0,0,0,12,-12,-10,-6,-1,-12,-2,-27,-16,-38,-36,-34,-45,-42,-41,-40,-31,-30,-16,-61,-60,-102,-110,-110,-102,-100,-29,-29,-25,-38,-25,-29,-29,-33,-20,-19,-8,-205,-165,-325,-241,-237,-231,-234,-185,-501,-512,-504,-316,-302,-313,-304,-333,-29991,-29992,-29992,0,-29993,-29994,-29994,-29995]} 1. Nf3 d5 2. d4 Nf6 3. c4 e6 4. Nc3 dxc4 5. e4 b5 (5... Bb4 6. Bxc4 Nxe4 7. O-O Nf6 8. Qa4+ Nc6 9. Ne5 Rb8 10. d5 exd5 11. Nxd5 Nxd5 12. Nxc6 bxc6 13. Qxc6+ Qd7 14. Qxd5 {½-½ (31) Mamedyarov,S (2817)-Caruana,F (2832) Germany 2019}) 6. e5 {D24: Queen's Gambit Accepted: 3 Nf3 Nf6 4 Nc3} Nfd7 7. Nxb5 Nb6 8. Be2 {White is slightly better.} Nc6 $146 ({Predecessor:} 8... Be7 9. O-O {½-½ (63) Pavlidis,A (2380)-Mastrovasilis,A (2541) Achaea 2016}) 9. O-O Be7 10. Be3 O-O 11. Rc1 Ba6 12. Nc3 Nb4 13. b3 (13. a3 $5 {[%cal Ra3b4]} Nd3 14. Rb1 $14) 13... cxb3 14. Bxa6 b2 15. Rb1 {And now Be2 would win.} Nxa6 16. Qe2 Nb4 17. Rxb2 N4d5 18. Nxd5 Nxd5 19. Nd2 Qd7 20. Ne4 Rfb8 21. Rfb1 Rb6 22. h3 Rab8 23. Qc2 h6 24. Bd2 Rxb2 25. Rxb2 Rxb2 26. Qxb2 Qa4 27. Qb8+ Bf8 28. Be3 Qxa2 {Strongly threatening ...Qa3.} 29. Nc5 Qa3 30. Nd7 a5 (30... Nxe3 $17 31. fxe3 Qxe3+ 32. Kh2 Qf4+ 33. Kh1 Qc1+ 34. Kh2 Qa3) 31. Bd2 $11 a4 32. Kh2 $1 Qe7 33. Nc5 a3 34. Qa8 f6 $36 {[%mdl 2048] ...fxe5 is the strong threat. Black fights for an advantage.} 35. f4 $1 g5 36. g3 $2 (36. Qxa3 $11 Nxf4 37. Bxf4 gxf4 38. exf6 Qxf6 39. Qa8) 36... gxf4 $19 37. Bxf4 $2 (37. gxf4 fxe5 38. fxe5) 37... Nxf4 38. gxf4 fxe5 $1 39. fxe5 Qf7 40. Kg2 $2 (40. Qxa3 Qf2+ {[%mdl 64] Double Attack} 41. Kh1 Qxd4 42. Qg3+ Kh7 43. Qd3+ Qxd3 44. Nxd3) 40... Qg6+ 41. Kf3 Qb1 {White must now prevent ...Qh1+.} 42. Qxa3 Qf1+ {[%mdl 64] Double Attack} 43. Kg4 {[#]} h5+ $1 {[%mdl 576] Deflection, Decoy} 44. Kxh5 $2 {[#]} (44. Kg3 $19 h4+ 45. Kh2 Qf2+ 46. Kh1 Qxd4 47. Qb3 Bxc5 48. Qxe6+ Kf8 49. Qc8+ Kf7 50. Qxc7+ Be7 51. Qc2 Qd5+ 52. Qg2 Qxe5 53. Qg4) 44... Qf5+ $1 45. Kh4 Qf4+ {[%mdl 64] Double Attack} 46. Kh5 {[#]} Be7 $1 {[%csl Ge7][%cal Rf4g5][%mdl 512]} 47. Qa8+ Kf7 {Accuracy: White = 50%, Black = 72%.} 0-1

[Event "72nd RUS-ch Higher League 2019"]
[Site "Yaroslavl"]
[Date "2019.06.28"]
[Round "2.15"]
[White "Lysyj, Igor"]
[Black "Drygalov, Sergey"]
[Result "1-0"]
[WhiteElo "2623"]
[BlackElo "2492"]
[Annotator "TA"]
[PlyCount "91"]
[EventDate "2019.06.27"]
[EventType "swiss"]
[EventCountry "RUS"]
[SourceTitle "playchess.com"]
[Source "ChessBase"]
[SourceQuality "1"]

{[%evp 15,91,31,35,31,35,8,13,23,16,11,26,18,18,20,18,10,27,39,28,16,28,38,91,103,111,116,189,185,162,140,187,178,161,183,485,464,467,441,400,416,400,413,408,360,400,432,336,293,433,417,425,413,408,413,418,421,389,347,1697,0,1494,1425,29972,29973,29967,0,356,0,2225,29971,6087,5073,29979,29980,29980,122,29981,29982]} 1. d4 d5 2. c4 ({Predecessor:} 2. Nf3 Nf6 3. c4 {1-0 (34) Houska,J (2396)-Burcu,C (2301) Fagernes 2018}) 2... c6 3. Nf3 Nf6 4. e3 Bf5 5. Nc3 e6 6. Nh4 Be4 7. f3 Bg6 8. Qb3 Qc7 9. Bd2 {D12: Slav Defence: 3 Nf3 Nf6 4 e3 Bf5} Be7 10. O-O-O dxc4 11. Bxc4 {The position is equal.} b5 12. Be2 ({Don't blunder} 12. Nxg6 $2 bxc4 13. Qxc4 (13. Nb5 $2 Qd7 $19) 13... hxg6 $19) 12... a6 13. Nxg6 hxg6 14. Ne4 Nbd7 15. Kb1 Nxe4 $146 (15... c5 16. Nxc5 Nxc5 17. dxc5 Qxc5 {½-½ (45) Vidit,S (2664)-Korobov,A (2756) Hengshui 2019}) 16. fxe4 c5 17. e5 c4 18. Qc2 a5 (18... Rc8 $14) 19. h4 $16 Nb6 20. h5 g5 {[#]} (20... gxh5 $16 {was worth a try.} 21. Bxh5 Bb4) 21. h6 $1 $36 {[%cal Rh6g7][%mdl 2560] White is really pushing.} g6 (21... gxh6 22. Rdf1) 22. Bf3 Ra6 23. Be4 b4 24. Rdf1 {Strongly threatening Rxf7!} Nd5 $2 (24... c3 {is tougher.} 25. h7 Nc4) 25. Rxf7 $1 {[%mdl 64] Remove Defender} Kxf7 26. Bxg6+ Kg8 27. Bh5 Rxh6 {[#]} 28. Bf7+ $1 {[%mdl 576] Discovered Attack} Kxf7 29. Rxh6 {Threatening mate with Qg6+.} Ke8 30. Qg6+ Kd7 {Hoping for ...c3.} 31. Rh8 {[%csl Gh8][%cal Rg6e8]} Bd8 32. e4 $1 {[%csl LRd5,LRg5]} Ne7 33. Qe8+ Kc8 34. Bxg5 Ra7 35. Bxe7 $1 {[%mdl 64] Overworked Piece} ({Wrong is} 35. Rh7 $2 Qc6 $19) 35... Qxe7 36. Qc6+ {[%mdl 64] Double Attack} Rc7 $2 (36... Qc7 37. Qxe6+ Kb8) 37. Qa8+ $1 Kd7 {Threatens to win with ...c3.} 38. d5 $1 {[%cal Rd5e6]} Rc8 39. Qb7+ Rc7 40. Qa8 $2 (40. Qb5+ {mates} Kc8 41. Qa6+ Rb7 42. d6 Qd7 43. Qxa5 c3 44. Rxd8+ $1 {[%mdl 512]} Qxd8 45. Qa8+ Kd7 46. Qxb7+ Ke8 47. bxc3 bxc3 48. Kc2) 40... Rc8 41. Qb7+ $2 (41. Qa7+ Bc7 42. d6 $1 {[%mdl 576] Double Attack, Pin}) 41... Rc7 42. Qb5+ Kc8 43. Qa6+ Rb7 {[#]} 44. d6 $1 Qd7 45. Qa8+ Rb8 {[#]} 46. Rxd8+ $1 {[%mdl 512] Accuracy: White = 78%, Black = 59%.} 1-0